Catálogo público

Fisiología animal : (Record no. 166788)

MARC details
000 -CABECERA
campo de control de longitud fija 03367nam a2200373 a 4500
001 - NÚMERO DE CONTROL
campo de control Z_3707
003 - IDENTIFICADOR DEL NÚMERO DE CONTROL
campo de control CHAP
005 - FECHA Y HORA DE LA ÚLTIMA TRANSACCIÓN
campo de control 20240917143221.0
007 - CAMPO FIJO DE DESCRIPCIÓN FÍSICA--INFORMACIÓN GENERAL
campo de control de longitud fija ta
008 - DATOS DE LONGITUD FIJA--INFORMACIÓN GENERAL
campo de control de longitud fija 220113s1984 mx a frf 001 0 spa d
010 ## - NÚMERO DE CONTROL DE LA BIBLIOTECA DEL CONGRESO
Número de control de LC 166788
040 ## - FUENTE DE LA CATALOGACIÓN
Centro catalogador/agencia de origen Z
Centro/agencia transcriptor CHAP
041 0# - CÓDIGO DE LENGUA
Código de lengua del sumario o resumen Español
Código de lengua de la tabla de contenido Español
082 00 - NÚMERO DE LA CLASIFICACIÓN DECIMAL DEWEY
Número de clasificación 591.1
Número de documento/Ítem S25 1984
Número de edición 20
100 1# - ENTRADA PRINCIPAL--NOMBRE DE PERSONA
Nombre de persona Salazar Bustos, Ma. del Socorro
9 (RLIN) 140910
Término indicativo de función/relación autor
245 10 - MENCIÓN DE TÍTULO
Título Fisiología animal :
Resto del título manual de prácticas de laboratorio /
Mención de responsabilidad, etc. Ma. del Socorro Salazar Bustos y Héctor Basurto Cambero
264 #1 - PRODUCCIÓN, PUBLICACIÓN, DISTRIBUCIÓN, FABRICACIÓN Y COPYRIGHT
Producción, publicación, distribución, fabricación y copyright Chapingo, Estado de México :
Nombre del de productor, editor, distribuidor, fabricante UACh. Departamento de Zootecnia,
Fecha de producción, publicación, distribución, fabricación o copyright 1984
300 ## - DESCRIPCIÓN FÍSICA
Extensión [206 hojas]:
Otras características físicas ilustraciones
336 ## - TIPO DE CONTENIDO
Fuente rdacontent
Término de tipo de contenido texto
Código de tipo de contenido txt
337 ## - TIPO DE MEDIO
Fuente rdamedia
Nombre/término del tipo de medio sin medio
Código del tipo de medio n
338 ## - TIPO DE SOPORTE
Fuente rdacarrier
Nombre/término del tipo de soporte volumen
Código del tipo de soporte nc
500 ## - NOTA GENERAL
Nota general ej.1- ej.3: S/N \ ej.4: fotocopia \ ej.5: reposición \ ej.6: S/N
504 ## - NOTA DE BIBLIOGRAFÍA, ETC.
Nota de bibliografía, etc. Bibliografía: hojas 195 - 196
505 00 - NOTA DE CONTENIDO CON FORMATO
Información miscelánea 1. Introducción y bases del laboratorio, objetivos requisitos, forma de trabajo, calendario de prácticas y evaluación -- 2. La técnicas del registro gráfico I: El quimógrafo y la contracción el músculo esquelético -- 3. Las técnicas del registro gráfico II: El fisiógrafo -- 4. Acciones del sistema nervioso autónomo sobre la presión sanguínea arterial y la respiración -- 5. Efecto de las gonadotropinas sobre el aparato reproductor de las ratas. (Pruebas de preñez) -- 6. Ciclo estral I. Tratamiento con GnRH y estrógenos. Recolección y coloración de frotis con la técnica de papanicolau -- 7. Ciclo estral II. Determinación del estro y apareamiento, apareamiento de las hembras en estro con el macho, separación de las hembras preñadas -- 8. Recolección de blastocitos de rata y su manipulación "in vitro" -- 9. Estudio de la motilidad del rumen y pruebas del funcionamiento ruminal -- 10. Propiedades del músculo liso y la acción farmacológica de diversos medicamentos sobre los receptores, en utero e ileum de rata -- 11. Células de la sangre I y II -- 12. Electrocardiografía e influencia de los electrolitos en el músculo cardíaco -- 13. Función renal -- 14. Bibliografía de consulta: libros y revistas -- 15. Soluciones -- 16. Laboratorios y distribuidores.
520 ## - SUMARIO, ETC.
Sumario, etc. El objetivo de este manual de laboratorio es el de conducir al estudiante, de forma práctica y sistemática en el conocimiento de la fisiología animal; considerando que los factores ambientales, nutricionales, de manejo y sanidad influyen de forma directa en la reproducción y/o en la producción animal. Se contemplan las experiencias más sobresalientes del sistema nervioso y endocrino y en relación a la fisiología reproductiva, el efecto de las gonadotropinas, la detección del estro, la recolección de blastocitos y su manipulación "in vitro", acción de la oxitocina sobre la motilidad del útero; de la fisiología digestiva, motilidad del rumen e intestino; del sistema cardiovascular, determinación de parámetros hemáticos, electrocardiogramas e influencia de los electrolitos en la función cardíaca y función renal.
650 13 - PUNTO DE ACCESO ADICIONAL DE MATERIA--TÉRMINO DE MATERIA
Término de materia o nombre geográfico como elemento de entrada Fisiología animal
9 (RLIN) 41131
Subdivisión general Técnica
650 13 - PUNTO DE ACCESO ADICIONAL DE MATERIA--TÉRMINO DE MATERIA
Término de materia o nombre geográfico como elemento de entrada Fisiología animal
Subdivisión general Manuales de laboratorio
9 (RLIN) 41132
700 1# - PUNTO DE ACCESO ADICIONAL--NOMBRE DE PERSONA
Nombre de persona Basurto Cambero, Héctor
Término indicativo de función/relación autor
9 (RLIN) 140912
942 ## - ELEMENTOS DE PUNTO DE ACCESO ADICIONAL (KOHA)
Tipo de ítem Koha Libro
Fuente del sistema de clasificación o colocación Dewey Decimal Classification
942 ## - ELEMENTOS DE PUNTO DE ACCESO ADICIONAL (KOHA)
Tipo de ítem Koha Libro
Fuente del sistema de clasificación o colocación Dewey Decimal Classification
901 ## - ELEMENTOS DE DATOS A LOCAL LDA (RLIN)
a 591.1 S25 1984
902 ## - ELEMENTOS DE DATOS B LOCAL, LDB (RLIN)
a M
910 ## - DATOS DE OPCIÓN DEL USUARIO (OCLC)
Datos de opción del usuario 1984
Holdings
Estado de retiro Estado de pérdida Fuente del sistema de clasificación o colocación Estado dañado Restricciones de uso No para préstamo Código de colección Localización permanente Ubicación/localización actual Fecha de adquisición Número de inventario Signatura topográfica completa Código de barras Fecha visto por última vez Número de copia Precio válido a partir de Tipo de ítem Koha Total de préstamos Fecha del último préstamo Fuente de adquisición
    Dewey Decimal Classification   Préstamo interno   General Zootecnia Zootecnia 09/11/2005 S/N 591.1 S25 1984 5102004097 18/01/2022 Ej.1 18/01/2022 Libro      
    Dewey Decimal Classification   Préstamo interno   General Zootecnia Zootecnia 09/11/2005 S/N 591.1 S25 1984 5102004098 29/03/2023 Ej.2 18/01/2022 Libro 1 29/03/2023  
    Dewey Decimal Classification   Préstamo interno   General Zootecnia Zootecnia 09/11/2005 S/N 591.1 S25 1984 5102004099 05/07/2023 Ej.3 18/01/2022 Libro 2 05/07/2023  
    Dewey Decimal Classification   Préstamo interno   General Zootecnia Zootecnia 09/11/2005 S/N 591.1 S25 1984 5102004100 24/03/2023 Ej.4 18/01/2022 Libro 2 24/03/2023 Fotocopias
    Dewey Decimal Classification   Préstamo interno   General Zootecnia Zootecnia 09/11/2005 S/N 591.1 S25 1984 5102004101 01/04/2024 Ej.5 18/01/2022 Libro 2 01/04/2024 Reposición
    Dewey Decimal Classification   Préstamo interno   General Zootecnia Zootecnia 09/11/2005 S/N 591.1 S25 1984 5102004102 18/01/2022 Ej.6 18/01/2022 Libro